Historia universal : la época del gótico y el renacimiento, 1250-1500 /

Obra en once volúmenes en que se aborda la historia de la evolución de la cultura humana, desde tiempos prehistóricos hasta mediados del siglo XX. A pesar de que no toda la vida histórica puede estudiarse desde un punto de vista espiritual, los autores de cada artículo procuraron seguir esa línea en...

Whakaahuatanga katoa

I tiakina i:
Ngā taipitopito rārangi puna kōrero
Ētahi atu kaituhi: Goetz, Walter (dir.) Conductor
Hōputu: Pukapuka
Reo:Pāniora
I whakaputaina: Madrid, España : Espasa-Calpe, 1963, c1933
Putanga:6a edición
Ngā marau:
Ngā Tūtohu: Tāpirihia he Tūtohu
Kāore He Tūtohu, Me noho koe te mea tuatahi ki te tūtohu i tēnei pūkete!

MARC

LEADER 00000nam^a2200000^a^4500
001 000100662
005 20250521000000.0
009 20260310093211.119
037 |a Acervo ITESO - Biblioteca 
041 |a ESP 
082 |a 909.  |b GOE V. 4 
100 |a Goetz, Walter  |e (dir.) 
240 1 1 |a [Historia universal] 
245 1 0 |a Historia universal :  |b la época del gótico y el renacimiento, 1250-1500 /  |c Dir. de W. Goetz ; tr. por Manuel García Morente. 
250 |a 6a edición 
264 4 |a Madrid, España :  |b Espasa-Calpe,  |c 1963, c1933 
300 |a XVI, 756 p. 
336 |a texto  |b txt  |2 rdacontenido 
337 |a sin mediación  |b n  |2 rdamedio 
338 |a volumen  |b nc  |2 rdasoporte 
520 |a Obra en once volúmenes en que se aborda la historia de la evolución de la cultura humana, desde tiempos prehistóricos hasta mediados del siglo XX. A pesar de que no toda la vida histórica puede estudiarse desde un punto de vista espiritual, los autores de cada artículo procuraron seguir esa línea en la medida de lo posible. 
649 |a XX 
650 |a Historia Universal 
650 |a Cultura -  |x Historia 
650 |a Edad Media -  |x Historia 
650 |a Renacimiento 
650 |a Iglesia y Estado -  |z Europa -  |x Historia 
650 |a Iglesia Católica -  |x Historia 
650 |a Capitalismo -  |x Historia 
650 |a América -  |x Historia -  |y Descubrimiento y Exploración 
650 |a Historia Moderna 
910 |a Fondo Jesús Rodríguez 
920 |a Impresos - Libros 
930 |a Fondos Especiales 
905 |a 113 
901 |a 0500036499  |b IT2  |c ESP  |u 20250521 
902 |a https://opac.biblio.iteso.mx/vufind/Record/000100662